|
|
|
|
| LEADER |
00000nam0a2200000 4500 |
| 001 |
182659 |
| 005 |
20231101223715.0 |
| 035 |
|
|
|a (RuTPU)RU\TPU\book\198005
|
| 090 |
|
|
|a 182659
|
| 100 |
|
|
|a 20100624d2010 k y0rusy50 ca
|
| 101 |
0 |
|
|a rus
|
| 102 |
|
|
|a RU
|
| 105 |
|
|
|a a dm 001zy
|
| 200 |
1 |
|
|a Идентификация непрерывных биометрических сигналов на основе нейронных сетей
|e автореферат диссертации на соискание ученой степени кандидата технических наук
|e спец. 05.13.01
|f Е. Ю. Костюченко
|g Томский государственный университет систем управления и радиоэлектроники (ТУСУР) ; науч. рук. Р. В. Мещеряков
|
| 210 |
|
|
|a Томск
|d 2010
|
| 215 |
|
|
|a 20 с.
|c ил.
|
| 300 |
|
|
|a Защита сост. 2.06.2010 г.
|
| 320 |
|
|
|a Библиогр.: с. 18-20 (14 назв.).
|
| 452 |
|
1 |
|0 (RuTPU)RU\TPU\book\200460
|t Идентификация непрерывных биометрических сигналов на основе нейронных сетей
|o автореферат диссертации на соискание ученой степени кандидата технических наук
|o спец. 05.13.01
|f Е. Ю. Костюченко
|g Томский государственный университет систем управления и радиоэлектроники (ТУСУР) ; науч. рук. Р. В. Мещеряков
|c Томск
|d 2010
|a Костюченко, Евгений Юрьевич
|
| 606 |
1 |
|
|a Речь
|x Анализ
|2 stltpush
|3 (RuTPU)RU\TPU\subj\25214
|9 49427
|
| 610 |
1 |
|
|a биометрические сигналы
|
| 610 |
1 |
|
|a идентификация
|
| 610 |
1 |
|
|a параметры
|
| 610 |
1 |
|
|a нейронные сети
|
| 610 |
1 |
|
|a применение
|
| 610 |
1 |
|
|a программные комплексы
|
| 610 |
1 |
|
|a авторефераты диссертаций
|
| 675 |
|
|
|a 681.327.12:534.78(04)
|v 3
|
| 686 |
|
|
|a 05.13.01
|2 oksvnk
|
| 700 |
|
1 |
|a Костюченко
|b Е. Ю.
|g Евгений Юрьевич
|
| 702 |
|
1 |
|a Мещеряков
|b Р. В.
|g Роман Валерьевич
|4 727
|
| 712 |
0 |
2 |
|a Томский государственный университет систем управления и радиоэлектроники (ТУСУР)
|c (1997 - )
|2 stltpush
|3 (RuTPU)RU\TPU\col\422
|
| 801 |
|
1 |
|a RU
|b 63413507
|c 20100624
|
| 801 |
|
2 |
|a RU
|b 63413507
|c 20100922
|g RCR
|
| 942 |
|
|
|c BK
|